| 000 | 00862cab a2200277 4500 | ||
|---|---|---|---|
| 001 | ABS56712 | ||
| 008 | 090401t1997 xxu||||| |||| 00| 0 eng d | ||
| 035 | _a(Sirsi) u77335 | ||
| 041 | _aeng | ||
| 100 | _aHaddon, M. | ||
| 245 | _aWho will pay? | ||
| 260 | _c1997 | ||
| 350 | _a0 | ||
| 490 |
_aUtility Week _v6(10) 14 March 1997, 18-19(2) |
||
| 520 | _aA new framework directive from the European Commission has changed the way consumers are charged for water resources. In the future charges will be cost reflective and environmental costs may be borne by the consumer. | ||
| 650 | _aCHARGES | ||
| 650 | _aCONSUMERS | ||
| 650 | _aCOST REFLECTIVE | ||
| 650 | _aENVIRONMENTAL COSTS | ||
| 650 | _aEU DIRECTIVE | ||
| 650 | _aEUROPEAN COMMISSION | ||
| 650 | _aWATER SUPPLY | ||
| 690 |
_aEnvironment _96238 |
||
| 942 | _n0 | ||
| 948 | _c24/03/1997 | ||
| 999 |
_c48621 _d48621 |
||